[Event "HUN-chT2 Asztalos 1011"]
[Site "Hungary"]
[Date "2010.10.24"]
[Round "4.7"]
[White "Pais, Nimrod"]
[Black "Csirke, Istvan"]
[Result "1-0"]
[WhiteElo "2029"]
[BlackElo "1808"]
[PlyCount "105"]
[EventDate "2010.09.12"]
[EventType "team-tourn"]
[EventRounds "11"]
[EventCountry "HUN"]
[SourceTitle "EXT 2012"]
[Source "ChessBase"]
[SourceDate "2011.11.24"]
[SourceVersion "1"]
[SourceVersionDate "2011.11.24"]
[SourceQuality "1"]
[WhiteTeam "Fehervar"]
[BlackTeam "Pannonpower II"]
[WhiteTeamCountry "HUN"]
[BlackTeamCountry "HUN"]

1. d4 d5 2. Nf3 Nf6 3. c4 e6 4. Nc3 c6 5. e3 Be7 6. Bd3 dxc4 7. Bxc4 0-0 8. 0-0 Nbd7 9. Qe2 Nb6 10. Bb3 Nfd5 11. e4 Nxc3 12. bxc3 h6 13. Rd1 Bg5 14. Nxg5 hxg5 15. Bc2 g6 16. Qg4 f6 17. Qg3 Kg7 18. e5 g4 19. Qxg4 f5 20. Qg3 Nd7 21. Bg5 Qe8 22. Qh4 Rh8 23. Bf6+ Nxf6 24. Qxf6+ Kg8 25. Rd3 Qf7 26. Qxf7+ Kxf7 27. a4 b6 28. Bb3 Bb7 29. Rad1 Rad8 30. f4 Rd7 31. g3 Rhd8 32. Kf2 Ba6 33. R3d2 c5 34. d5 c4 35. dxe6+ Kxe6 36. Rxd7 Rxd7 37. Rxd7 Kxd7 38. Bc2 b5 39. Ke3 Ke6 40. Kd4 bxa4 41. Bxa4 g5 42. fxg5 Bb7 43. Bb5 Bd5 44. Ba6 Be4 45. Bxc4+ Ke7 46. h4 Bf3 47. Ba6 Bg4 48. Ke3 Ke6 49. Kf4 Kf7 50. Bc4+ Kg6 51. e6 Kg7 52. e7 Bh5 53. Bb5 1-0

[Event "HUN-chT2 Asztalos 1011"]
[Site "Hungary"]
[Date "2010.09.12"]
[Round "1.9"]
[White "Csirke, Istvan"]
[Black "Urmos, Laszlo"]
[Result "0-1"]
[WhiteElo "1808"]
[BlackElo "1845"]
[PlyCount "72"]
[EventDate "2010.09.12"]
[EventType "team-tourn"]
[EventRounds "11"]
[EventCountry "HUN"]
[SourceTitle "EXT 2012"]
[Source "ChessBase"]
[SourceDate "2011.11.24"]
[SourceVersion "1"]
[SourceVersionDate "2011.11.24"]
[SourceQuality "1"]
[WhiteTeam "Pannonpower II"]
[BlackTeam "Pecs Karmin"]
[WhiteTeamCountry "HUN"]
[BlackTeamCountry "HUN"]

1. Nf3 c5 2. g3 Nc6 3. Bg2 d5 4. d4 e6 5. 0-0 h6 6. b3 Nf6 7. Ba3 b6 8. dxc5 Bxc5 9. Bxc5 bxc5 10. c4 0-0 11. Nbd2 Bb7 12. e3 a5 13. Re1 Qc7 14. Qc1 Nb4 15. Bf1 Qd6 16. a3 Nc6 17. cxd5 exd5 18. e4 dxe4 19. Nxe4 Nxe4 20. Rxe4 Nd4 21. Nxd4 Bxe4 22. Nb5 Qc6 23. a4 Rfc8 24. Qc4 Qf6 25. Qxe4 Qxa1 26. Kg2 Qf6 27. Bc4 Re8 28. Qd5 Rad8 29. Qxc5 Rd2 30. Nc7 Re5 31. Nd5 Rdxd5 32. Qc8+ Rd8 33. Qc7 Rd2 34. Bxf7+ Qxf7 35. Qxe5 Rxf2+ 36. Kh3 Qf5+ 0-1

[Event "HUN-chT2 Asztalos 0910"]
[Site "Hungary"]
[Date "2009.12.20"]
[Round "4"]
[White "Csirke, Istvan"]
[Black "Szotak, Laszlo"]
[Result "0-1"]
[WhiteElo "1853"]
[BlackElo "2002"]
[PlyCount "78"]
[EventDate "2009.11.08"]
[EventType "team-tourn"]
[EventRounds "11"]
[EventCountry "HUN"]
[SourceTitle "EXT 2011"]
[Source "ChessBase"]
[SourceDate "2010.11.26"]
[SourceVersion "1"]
[SourceVersionDate "2010.11.26"]
[SourceQuality "1"]
[WhiteTeam "Pannonpower II"]
[BlackTeam "Szenna Pack"]
[WhiteTeamCountry "HUN"]
[BlackTeamCountry "HUN"]

1. Nf3 f5 2. g3 Nf6 3. Bg2 g6 4. 0-0 Bg7 5. c3 c6 6. d3 0-0 7. Bg5 d6 8. Qc1 e5 9. Bh6 Qe7 10. Bxg7 Kxg7 11. e3 Be6 12. c4 Nbd7 13. b4 d5 14. Qc3 dxc4 15. dxc4 e4 16. Ng5 Bg8 17. Nd2 Ne5 18. f4 Nd3 19. Nb3 Qxb4 20. Qxb4 Nxb4 21. Nd4 Rfe8 22. a3 Nd3 23. Rab1 Rab8 24. Rb3 Bxc4 25. Rc3 Bd5 26. Rb1 h6 27. Nh3 Ba2 28. Ra1 Bf7 29. Bf1 Nd5 30. Ne2 Nxc3 31. Nxc3 Red8 32. Ne2 c5 33. a4 a6 34. Nf2 Nxf2 35. Kxf2 b5 36. Nc3 b4 37. Ne2 a5 38. Rc1 b3 39. Nc3 Rd2+ 0-1

[Event "HUN-chT2 Asztalos 0910"]
[Site "Hungary"]
[Date "2009.11.22"]
[Round "2"]
[White "Balazs, Imre"]
[Black "Csirke, Istvan"]
[Result "1-0"]
[WhiteElo "2059"]
[BlackElo "1853"]
[PlyCount "81"]
[EventDate "2009.11.08"]
[EventType "team-tourn"]
[EventRounds "11"]
[EventCountry "HUN"]
[SourceTitle "EXT 2011"]
[Source "ChessBase"]
[SourceDate "2010.11.26"]
[SourceVersion "1"]
[SourceVersionDate "2010.11.26"]
[SourceQuality "1"]
[WhiteTeam "Decs II"]
[BlackTeam "Pannonpower II"]
[WhiteTeamCountry "HUN"]
[BlackTeamCountry "HUN"]

1. d4 d5 2. c4 Nf6 3. cxd5 Nxd5 4. Nf3 Bg4 5. Ne5 Bc8 6. e4 Nb6 7. Nc3 N8d7 8. Nf3 e6 9. Be2 Be7 10. 0-0 0-0 11. Bf4 Bd6 12. Bg5 Be7 13. Be3 c6 14. Qd2 Nf6 15. h3 h6 16. Ne5 Nbd7 17. Nd3 Nh7 18. e5 Nb6 19. b3 Nd5 20. Nxd5 exd5 21. f4 Bf5 22. Nf2 Bh4 23. g4 Bxf2+ 24. Rxf2 Be4 25. Bf3 f5 26. Bxe4 fxe4 27. Rh2 g5 28. f5 b6 29. f6 Qe8 30. h4 Qd7 31. hxg5 Qxg4+ 32. Rg2 Qh3 33. gxh6+ Kh8 34. Rf1 Rg8 35. Rff2 c5 36. Rg7 cxd4 37. Qxd4 Rac8 38. Rfg2 Qf3 39. f7 Rgf8 40. e6 Qf6 41. Rxh7+ 1-0

[Event "HUN-chT2 Asztalos 0809"]
[Site "Hungary"]
[Date "2009.04.19"]
[Round "11"]
[White "Csirke, Istvan"]
[Black "Lipcsei, Adam"]
[Result "0-1"]
[WhiteElo "1868"]
[BlackElo "1955"]
[PlyCount "78"]
[EventDate "2008.10.26"]
[EventType "tourn"]
[EventRounds "11"]
[EventCountry "HUN"]
[SourceTitle "EXT 2010"]
[Source "ChessBase"]
[SourceDate "2010.11.25"]
[SourceVersion "1"]
[SourceVersionDate "2010.11.25"]
[SourceQuality "1"]
[WhiteTeam "Pannonpower II"]
[BlackTeam "Nagyatad"]
[WhiteTeamCountry "HUN"]
[BlackTeamCountry "HUN"]

1. Nf3 Nf6 2. g3 g6 3. Bg2 Bg7 4. 0-0 0-0 5. d4 d6 6. c3 Nbd7 7. Bg5 h6 8. Bf4 Nh5 9. Be3 Nb6 10. Na3 c6 11. Qc1 Kh7 12. Nc2 Qc7 13. a4 Be6 14. Bd2 Bb3 15. a5 Nc4 16. a6 b5 17. Na3 Nb6 18. Ne1 Rab8 19. Nac2 c5 20. Be3 Nc4 21. dxc5 dxc5 22. Nd3 Bxc2 23. Qxc2 Nxe3 24. fxe3 Qb6 25. Nf4 Nf6 26. c4 e6 27. Bb7 Ng4 28. Qb3 Nxe3 29. Rf3 Nxc4 30. Qc2 Ne5 31. Raf1 Nxf3+ 32. Rxf3 Rbd8 33. Kg2 Qd6 34. Rd3 Qe5 35. Rxd8 Rxd8 36. Nd3 Qe3 37. Bf3 c4 38. Nf4 Rd2 39. Qc1 e5 0-1

[Event "HUN-chT2 Asztalos 0809"]
[Site "Hungary"]
[Date "2009.04.05"]
[Round "10"]
[White "Csirke, Istvan"]
[Black "Balazs, Andras1"]
[Result "1-0"]
[WhiteElo "1868"]
[BlackElo "2016"]
[PlyCount "145"]
[EventDate "2008.10.26"]
[EventType "tourn"]
[EventRounds "11"]
[EventCountry "HUN"]
[SourceTitle "EXT 2010"]
[Source "ChessBase"]
[SourceDate "2010.11.25"]
[SourceVersion "1"]
[SourceVersionDate "2010.11.25"]
[SourceQuality "1"]
[WhiteTeam "Pannonpower II"]
[BlackTeam "Mohacs"]
[WhiteTeamCountry "HUN"]
[BlackTeamCountry "HUN"]

1. Nf3 Nf6 2. g3 d5 3. Bg2 Bf5 4. 0-0 e6 5. c4 c6 6. Qb3 Qb6 7. d3 Nbd7 8. Nbd2 Be7 9. Qxb6 Nxb6 10. b3 0-0 11. Bb2 Nfd7 12. Rfe1 Bf6 13. d4 dxc4 14. Nxc4 Nxc4 15. bxc4 Be4 16. e3 c5 17. Ne5 Nxe5 18. Bxe4 Nxc4 19. Bc3 Nd6 20. Bg2 cxd4 21. exd4 Rab8 22. Bb4 Rfd8 23. Rad1 Nb5 24. d5 exd5 25. Rxd5 Rxd5 26. Bxd5 Bc3 27. Re4 Bxb4 28. Rxb4 Nd6 29. Rd4 Rd8 30. Bb3 Kf8 31. Rd2 b6 32. Rc2 Rc8 33. Rd2 Ke7 34. Re2+ Kf6 35. Rd2 Rd8 36. Rc2 Rd7 37. Rd2 Ke7 38. Re2+ Kd8 39. Rd2 Kc7 40. Rc2+ Kb8 41. Rd2 Rd8 42. Re2 Rd7 43. Rd2 f6 44. Be6 Rd8 45. Rc2 Nb7 46. Bf5 g6 47. Bh3 f5 48. g4 Nd6 49. Rd2 Kc7 50. Rc2+ Kd7 51. Rd2 Ke7 52. Rc2 Rd7 53. Re2+ Kf6 54. Rd2 Ke7 55. Re2+ Kd8 56. Rd2 fxg4 57. Bxg4 Nf5 58. Rc2 Rd4 59. h3 Rd6 60. Kg2 b5 61. Rc5 a6 62. Bxf5 gxf5 63. Rxf5 Rd2 64. a4 Rb2 65. axb5 axb5 66. Rh5 b4 67. Rxh7 b3 68. Rb7 Kc8 69. Rb4 Kc7 70. h4 Kc6 71. h5 Kc5 72. Rb8 Kc4 73. h6 1-0

[Event "HUN-chT2 Asztalos 0809"]
[Site "Hungary"]
[Date "2009.03.08"]
[Round "9"]
[White "Csirke, Istvan"]
[Black "Katona, Ferenc Jr"]
[Result "0-1"]
[WhiteElo "1868"]
[BlackElo "1872"]
[PlyCount "88"]
[EventDate "2008.10.26"]
[EventType "tourn"]
[EventRounds "11"]
[EventCountry "HUN"]
[SourceTitle "EXT 2010"]
[Source "ChessBase"]
[SourceDate "2010.11.25"]
[SourceVersion "1"]
[SourceVersionDate "2010.11.25"]
[SourceQuality "1"]
[WhiteTeam "Pannonpower II"]
[BlackTeam "Dunaujvaros"]
[WhiteTeamCountry "HUN"]
[BlackTeamCountry "HUN"]

1. Nf3 d5 2. d4 e6 3. g3 f5 4. Bg2 Nf6 5. 0-0 Bd6 6. e3 Nbd7 7. Nbd2 0-0 8. c4 c6 9. a4 Ne4 10. c5 Bc7 11. Qe2 Rf6 12. b4 Rh6 13. b5 Qe8 14. Ne1 Qh5 15. Ndf3 g5 16. Bh1 Ndf6 17. Bg2 Bd7 18. bxc6 Bxc6 19. Nd3 Nd7 20. Qd1 g4 21. Nh4 Bd8 22. Nf4 Qe8 23. f3 Nc3 24. Qe1 Bxh4 25. gxh4 gxf3 26. Bxf3 Nxa4 27. Qg3+ Kh8 28. Kh1 Qe7 29. Rg1 Nc3 30. Qg5 Qf8 31. h5 Rf6 32. Bd2 Ne4 33. Bxe4 fxe4 34. Rg2 Qg8 35. Qh4 Qe8 36. Rag1 Qe7 37. h6 Rf7 38. Qg4 Nf6 39. Qh3 Rg8 40. Nxe6 Rxg2 41. Rxg2 Bd7 42. Qg3 Qxe6 43. Qb8+ Bc8 44. Qxa7 Ng4 0-1

[Event "HUN-chT2 Asztalos 0809"]
[Site "Hungary"]
[Date "2008.12.21"]
[Round "4"]
[White "Csirke, Istvan"]
[Black "Szunyogh, Istvan"]
[Result "1/2-1/2"]
[WhiteElo "1868"]
[BlackElo "2010"]
[PlyCount "80"]
[EventDate "2008.10.26"]
[EventType "tourn"]
[EventRounds "11"]
[EventCountry "HUN"]
[SourceTitle "EXT 2010"]
[Source "ChessBase"]
[SourceDate "2010.11.25"]
[SourceVersion "1"]
[SourceVersionDate "2010.11.25"]
[SourceQuality "1"]
[WhiteTeam "Pannonpower II"]
[BlackTeam "MAV Elore"]
[WhiteTeamCountry "HUN"]
[BlackTeamCountry "HUN"]

1. Nf3 Nf6 2. g3 c5 3. Bg2 g6 4. 0-0 Bg7 5. d4 cxd4 6. Nxd4 0-0 7. c3 Nc6 8. Bg5 Qa5 9. Bd2 Qb6 10. Nb3 Ne5 11. Na3 d6 12. Bf4 Be6 13. Qd4 Qxd4 14. Nxd4 Bd5 15. Bxe5 Bxg2 16. Kxg2 dxe5 17. Nf3 Ne4 18. Nc4 f6 19. Rad1 Rfd8 20. Na5 Nd6 21. Rd2 Rac8 22. Rfd1 b6 23. Nb3 Kf7 24. Ne1 Ke8 25. Nc1 Nc4 26. Rxd8+ Rxd8 27. Rxd8+ Kxd8 28. b3 Nd6 29. Ncd3 f5 30. Nb4 Kd7 31. c4 Ne4 32. f3 Nc3 33. e4 fxe4 34. fxe4 Nxe4 35. Kf3 Nc5 36. Nd5 e6 37. Nc3 Bh6 38. Ne4 Na6 39. Nd3 Bg7 40. Ng5 h6 1/2-1/2

[Event "HUN-chT2 Asztalos 0708"]
[Site "Hungary"]
[Date "2007.11.11"]
[Round "2"]
[White "Csirke, Istvan"]
[Black "Czimer, Jozsef"]
[Result "0-1"]
[WhiteElo "1939"]
[BlackElo "1932"]
[PlyCount "78"]
[EventDate "2007.10.14"]
[EventType "team-tourn"]
[EventRounds "11"]
[EventCountry "HUN"]
[SourceTitle "EXT 2009"]
[Source "ChessBase"]
[SourceDate "2008.11.26"]
[SourceVersion "1"]
[SourceVersionDate "2008.11.26"]
[SourceQuality "1"]
[WhiteTeam "Pannonpower II"]
[BlackTeam "Elore MAV"]
[WhiteTeamCountry "HUN"]
[BlackTeamCountry "HUN"]

1. Nf3 Nf6 2. g3 d5 3. Bg2 Bf5 4. 0-0 Nbd7 5. d4 h6 6. b3 e6 7. Ba3 Bxa3 8. Nxa3 0-0 9. c4 c6 10. c5 Be4 11. b4 Qc7 12. Nb1 e5 13. dxe5 Nxe5 14. Nxe5 Qxe5 15. Nd2 Bxg2 16. Kxg2 Rfe8 17. e3 a6 18. Kg1 Re7 19. a4 Qc3 20. Rb1 Ne4 21. Nf3 Qf6 22. Qc2 Qxf3 23. b5 axb5 24. axb5 Ng5 25. h4 Ne4 26. bxc6 bxc6 27. Rb6 Re6 28. Rfb1 Rf6 29. Rb8+ Rxb8 30. Rxb8+ Kh7 31. Rb2 g5 32. hxg5 hxg5 33. Qe2 Qxe2 34. Rxe2 Nxc5 35. f3 Rxf3 36. Rc2 Ne4 37. Rxc6 Rxg3+ 38. Kh2 Rxe3 39. Rc7 Kg6 0-1

[Event "HUN-chT2 Asztalos 0607"]
[Site "Hungary"]
[Date "2006.11.26"]
[Round "2"]
[White "Csirke, Istvan"]
[Black "Kovacs, Tibor"]
[Result "0-1"]
[WhiteElo "1932"]
[BlackElo "1978"]
[PlyCount "60"]
[EventDate "2006.11.12"]
[EventType "team-tourn"]
[EventRounds "11"]
[EventCountry "HUN"]
[SourceTitle "EXT 2008"]
[Source "ChessBase"]
[SourceDate "2007.11.25"]
[SourceVersion "1"]
[SourceVersionDate "2007.11.25"]
[SourceQuality "1"]
[WhiteTeam "Pannonpower II"]
[BlackTeam "Pecs Karmin"]
[WhiteTeamCountry "HUN"]
[BlackTeamCountry "HUN"]

1. Nf3 Nf6 2. g3 g6 3. Bg2 Bg7 4. 0-0 d6 5. d4 0-0 6. c4 Nbd7 7. Qb3 e5 8. Bg5 h6 9. dxe5 hxg5 10. exf6 Bxf6 11. Nc3 Nc5 12. Qc2 Kg7 13. Nd5 Bf5 14. Qc1 g4 15. Nxf6 gxf3 16. Nh5+ gxh5 17. Bxf3 Bg6 18. b4 Ne4 19. h4 Qf6 20. Bxe4 Bxe4 21. Qg5+ Qg6 22. Qe3 Rfe8 23. Qd4+ Kh7 24. Kh2 Bf5 25. e3 Re4 26. Qd5 c6 27. Qd1 Rxc4 28. a3 Bg4 29. Qd2 Bf3 30. Rh1 Rxh4+ 0-1

[Event "HUN-chT2 Asztalos 0506"]
[Site "Hungary"]
[Date "2005.11.13"]
[Round "3"]
[White "Szemzo, Lajos"]
[Black "Csirke, Istvan"]
[Result "0-1"]
[WhiteElo "1958"]
[BlackElo "1884"]
[PlyCount "86"]
[EventDate "2005.10.16"]
[EventType "team-tourn"]
[EventRounds "11"]
[EventCountry "HUN"]
[SourceTitle "EXT 2009"]
[Source "ChessBase"]
[SourceDate "2008.11.26"]
[SourceVersion "1"]
[SourceVersionDate "2008.11.26"]
[SourceQuality "1"]
[WhiteTeam "Bajai"]
[BlackTeam "Pannonpower II"]
[WhiteTeamCountry "HUN"]
[BlackTeamCountry "HUN"]

1. Nf3 d5 2. d4 Bf5 3. c4 Nf6 4. Nc3 e6 5. cxd5 Nxd5 6. Bd2 c6 7. g3 Nd7 8. Bg2 Bb4 9. 0-0 0-0 10. a3 Ba5 11. Nh4 Ne7 12. Nxf5 Nxf5 13. e3 Nd6 14. b4 Bc7 15. Qe2 Nb6 16. b5 Nd5 17. bxc6 bxc6 18. Rfc1 Bb6 19. Na4 Qd7 20. Bb4 Rfc8 21. Nc5 Bxc5 22. Bxc5 Rc7 23. Rab1 g6 24. Rb2 Rb7 25. Bxd6 Rxb2 26. Qxb2 Qxd6 27. Bxd5 cxd5 28. Qb7 Qb8 29. Qc6 Qf8 30. a4 a5 31. Rc5 Qd8 32. Kf1 h5 33. Ke2 h4 34. gxh4 Rb8 35. Qa6 Rb2+ 36. Kd3 Qxh4 37. Qc8+ Kg7 38. Rc2 Qe4+ 39. Kd2 Rb3 40. Rc3 Rb4 41. Qc6 Qf3 42. Ke1 Qh1+ 43. Ke2 Rb1 0-1

[Event "Harkany Tenkes Cup 28th"]
[Site "Harkany"]
[Date "2004.12.02"]
[Round "8"]
[White "Csirke, Istvan"]
[Black "Malatinszky, Csaba"]
[Result "0-1"]
[WhiteElo "2500"]
[BlackElo "2012"]
[PlyCount "94"]
[EventDate "2004.11.25"]
[EventType "swiss"]
[EventRounds "9"]
[EventCountry "HUN"]
[SourceTitle "EXT 2008"]
[Source "ChessBase"]
[SourceDate "2007.11.25"]
[SourceVersion "1"]
[SourceVersionDate "2007.11.25"]
[SourceQuality "1"]

1. Nf3 d5 2. d4 Bg4 3. e3 Nf6 4. Be2 e6 5. 0-0 c5 6. c4 dxc4 7. Qa4+ Nbd7 8. Qxc4 cxd4 9. Nxd4 Bxe2 10. Nxe2 Be7 11. Nbc3 a6 12. Bd2 0-0 13. Rad1 Ne5 14. Qb3 b5 15. a3 Qc7 16. Rc1 Qb7 17. Ng3 Nc4 18. Be1 Rac8 19. Nce2 Bd6 20. Bb4 Bxb4 21. Qxb4 Nd5 22. Qe1 Nxb2 23. Rxc8 Rxc8 24. Qa1 Nc4 25. h3 Ndb6 26. Nh5 f6 27. Qd4 Qe7 28. Rc1 Rd8 29. Qh4 e5 30. Nhg3 Qxa3 31. Nf5 Qf8 32. Qg4 g6 33. e4 Kh8 34. Nh4 Qg7 35. Ra1 a5 36. f4 exf4 37. Qf3 b4 38. Qb3 Qe7 39. Qf3 Qc5+ 40. Kh2 Qe3 41. Qg4 Qxe4 42. Nxf4 Qe5 43. Re1 Qxe1 44. Nfxg6+ hxg6 45. Qxg6 Qe5+ 46. g3 Rd2+ 47. Ng2 b3 0-1